Una nueva concepción del delito: la doctrina finalista

Збережено в:
Бібліографічні деталі
Автор: Córdoba Roda, Juan (Автор)
Формат: Книга
Мова:Іспанська
Опубліковано: Montevideo B de F 2014
Редагування:2a. ed
Серія:Maestros del Derecho Penal, 44
Предмети:
Теги: Додати тег
Немає тегів, Будьте першим, хто поставить тег для цього запису!

MARC

LEADER 00000cam a2200000 a 4500
001 UCE4969
003 CL-VaPUC
008 141127e20140000uy |||||||||||||||||spa|d
020 |a 9789974676961 
082 0 4 |a 345.04  |b COR  |2 21 
100 0 |a Córdoba Roda, Juan  |e author  |9 577445 
245 1 4 |a Una nueva concepción del delito: la doctrina finalista 
250 |a 2a. ed 
300 |a 123 p 
942 |c BK 
945 |d 20141127 16:34:00  |a dcastane 
260 |a Montevideo  |b B de F  |c 2014 
650 7 |a DERECHO PENAL  |2 CL-VaPUC  |9 11 
650 7 |a CULPABILIDAD  |2 CL-VaPUC  |9 351694 
650 0 |a Delitos  |9 224143 
583 |a last modification  |c 20141127 16:34:00  |k Rodrigo Vera 
490 0 |a Maestros del Derecho Penal, 44 
999 |c 357821  |d 357819 
952 |0 0  |1 0  |3 erb  |4 0  |6 345_040000000000000_COR_2014  |7 0  |8 A  |9 465914  |a BIBDER  |b BIBDER  |i 512591K  |o 345.04 COR 2014  |p 512591K  |r 2019-11-23  |w 2019-11-23  |y BK  |z Catalogado en:20141127  |k DER